Moving targets institutional embeddedness and domestic politics in the liberalization of EU electricity markets

Saved in:
Bibliographic Details
Main Author: Eising, Rainer
Other Authors: Jabko, Nicolas
Format: Book
Language:English
Published: San Domenico (FI) European University Institute 2000
Series:EUI Working paper RSC No. 2000/6
Subjects:
Tags: Add Tag
No Tags, Be the first to tag this record!

MARC

LEADER 00000nam a2200000 4500
001 c132050
005 20221123133204.8
041 0 |a eng 
044 |a IT 
245 1 0 |a Moving targets  |b institutional embeddedness and domestic politics in the liberalization of EU electricity markets  |c Rainer Eising and Nicolas Jabko 
264 1 |a San Domenico (FI)  |b European University Institute  |c 2000 
300 |a 25 s. 
490 1 |a EUI Working paper RSC  |v No. 2000/6 
830 0 |a EUI Working paper RSC  |v No. 2000/6 
610 2 0 |a politika vnútorná 
610 2 0 |a liberalizácia 
610 2 0 |a elektrina 
610 2 0 |a priemysel 
610 2 0 |a trh 
610 2 0 |a Európska únia 
610 2 0 |a Nemecko 
610 2 0 |a Francúzsko 
100 1 |a Eising, Rainer 
700 1 |a Jabko, Nicolas